000 00218nam a2200097Ia 4500
008 170619s9999 xx 000 0 und d
100 _aGaonkar -Ramesh
245 0 _aMicroprocessor
260 _bNew Delhi: MGH
260 _c2002
546 _aENGLISH
999 _c16602
_d16602